Juan Cavallero : (Record no. 531555)
[ view plain ]
| 000 -LEADER | |
|---|---|
| fixed length control field | 01269cam a22003254a 4500 |
| 001 - CONTROL NUMBER | |
| control field | 15406095 |
| 003 - CONTROL NUMBER IDENTIFIER | |
| control field | NUST |
| 005 - DATE AND TIME OF LATEST TRANSACTION | |
| control field | 20191018122051.0 |
| 008 - FIXED-LENGTH DATA ELEMENTS--GENERAL INFORMATION | |
| fixed length control field | 080725s2007 ag a c 000 0dspa |
| 010 ## - LIBRARY OF CONGRESS CONTROL NUMBER | |
| LC control number | 2008458586 |
| 020 ## - INTERNATIONAL STANDARD BOOK NUMBER | |
| International Standard Book Number | 9870525385 |
| 020 ## - INTERNATIONAL STANDARD BOOK NUMBER | |
| International Standard Book Number | 9789870525387 |
| 035 ## - SYSTEM CONTROL NUMBER | |
| System control number | (CVcHKB)kb2001087241 |
| 038 ## - RECORD CONTENT LICENSOR | |
| Staff Name | waseem |
| 040 ## - CATALOGING SOURCE | |
| Original cataloging agency | DLC |
| Transcribing agency | DLC |
| 050 00 - LIBRARY OF CONGRESS CALL NUMBER | |
| Classification number | N6639.C39 |
| Item number | A4 2007 |
| 082 ## - DEWEY DECIMAL CLASSIFICATION NUMBER | |
| Classification number | 708 |
| Author Mark | CAV |
| 100 1# - MAIN ENTRY--PERSONAL NAME | |
| Personal name | Cavallero, Juan, |
| Dates associated with a name | 1941- |
| 9 (RLIN) | 24398 |
| 245 10 - TITLE STATEMENT | |
| Title | Juan Cavallero : |
| Remainder of title | oficios. |
| 246 30 - VARYING FORM OF TITLE | |
| Title proper/short title | Oficios |
| 260 ## - PUBLICATION, DISTRIBUTION, ETC. | |
| Place of publication, distribution, etc. | [Buenos Aires?] : |
| Name of publisher, distributor, etc. | Línea Oculta, |
| Date of publication, distribution, etc. | [2007] |
| 300 ## - PHYSICAL DESCRIPTION | |
| Extent | 354 p. : |
| Other physical details | ill. ; |
| Dimensions | 29 cm. |
| 500 ## - GENERAL NOTE | |
| General note | Catalog of an exhibition held May 2007, Palais de Glace, Buenos Aires. |
| 520 8# - SUMMARY, ETC. | |
| Summary, etc. | "Major monograph/exhibition on Cavallero (b. Buenos Aires) that includes his work as an artist, photographer, and graphic designer. In 1982 he created a design workshop in Buenos Aires which has become on of the most important in Argentina"--Provided by vendor. |
| 600 10 - SUBJECT ADDED ENTRY--PERSONAL NAME | |
| Personal name | Cavallero, Juan, |
| Dates associated with a name | 1941- |
| Form subdivision | Exhibitions. |
| 9 (RLIN) | 24399 |
| 710 2# - ADDED ENTRY--CORPORATE NAME | |
| Corporate name or jurisdiction name as entry element | Salas Nacionales de Exposición, Palais de Glace (Argentina) |
| 9 (RLIN) | 24400 |
| 906 ## - LOCAL DATA ELEMENT F, LDF (RLIN) | |
| a | 7 |
| b | cbc |
| c | origres |
| d | 2 |
| e | ncip |
| f | 20 |
| g | y-gencatlg |
| 942 ## - ADDED ENTRY ELEMENTS (KOHA) | |
| Source of classification or shelving scheme | |
| Koha item type | Book |
| Withdrawn status | Lost status | Source of classification or shelving scheme | Damaged status | Not for loan | Permanent Location | Current Location | Date acquired | Source of acquisition | Full call number | Barcode | Date last seen | Price effective from | Koha item type |
|---|---|---|---|---|---|---|---|---|---|---|---|---|---|
| Central Library (CL) | Central Library (CL) | 10/18/2019 | Donation | 708 CAV | CL-D-723 | 10/18/2019 | 10/18/2019 | Reference |
